| 000 | 00761nam a2200229 u 4500 | ||
|---|---|---|---|
| 005 | 20250211063749.0 | ||
| 008 | 170911m2016 mx r 000 0 spa d | ||
| 020 | _a9786077454113 (SC) | ||
| 020 | _a9786071642363 (FCE) | ||
| 035 | _aUPN01000220412 | ||
| 049 | _aCG | ||
| 050 | 4 |
_aNX180 S6 _bA7.8 |
|
| 245 | 0 | 0 |
_aArte para la convivencia y educación para la paz / _ccoord. Lucina Jiménez. |
| 260 |
_aMéxico : _bSecretaría de Cultura : _bFCE, _c2016. |
||
| 300 |
_a306 p. : _bil. col. |
||
| 440 | 0 |
_aBiblioteca mexicana. _pPolítica |
|
| 650 | 4 |
_aARTE Y SOCIEDAD - _zMEXICO _926862 |
|
| 650 | 4 |
_aPaz _xEstudio y enseñanza _zAmérica Latina _917597 |
|
| 651 | 4 |
_aMéxico _xPolítica cultural _95407 |
|
| 700 | 1 |
_aJiménez, Lucina, _ecoord. |
|
| 905 | _aLibro | ||
| 999 |
_c192511 _d192511 |
||